000 00812nam a2200217Ia 4500
008 0000001984 fr a 0000000000fre00
090 _aPSP00 M17l1
100 1 _aMarsans, Luis
_d1930
245 1 0 _aLuis Marsans
_c/ photographies par J. Lamarca
300 _a[86] p.
_c/ 16 cm.
500 _aExposición realizada en Galerie Claude Bernard, Paris, Febrero 28 Abril 14, 1984 \ Con el patronazgo del maestro venezolano Jesús Rafael Soto (q.e.p.d.)
600 0 0 _aMARSANS, LUIS, 1930/
_xTRABAJOS PICTORICOS
650 1 4 _aARTE CONTEMPORANEO ESPAÑOL
650 1 4 _aARTISTAS PLASTICOS ESPAÑOLES
650 1 4 _xCATALOGOS
650 1 4 _aDIBUJOS ESPAÑOLES
650 1 4 _xEXPOSICIONES
650 1 4 _aPINTURA ESPAÑOLA
700 1 _aLamarca, J.
999 _c5933
_d5933
260 _aParis : Galerie Claude Bernard
_c1984